000 00871cab a2200289 4500
001 ABS54287
008 090401t1996 xxu||||| |||| 00| 0 eng d
035 _a(Sirsi) u9565
041 _aeng
245 _aEstates Times survey: M62 Corridor
260 _c1996
350 _a0
490 _aEstates Times
_v(1308) 19 January 1996, 16-20(5)
650 _aGREATER MANCHESTER
650 _aHULL
650 _aINDUSTRIAL MARKET
650 _aLIVERPOOL
650 _aM62 CORRIDOR
650 _aPROPERTY-COMMERCIAL PROPERTY-OFFICE PROPERTY-OFFICE PROPERTY MARKET
650 _aOUT OF TOWN DEVELOPMENT
650 _aPROPERTY-COMMERCIAL PROPERTY-RETAIL PROPERTY-RETAIL PROPERTY MARKET
650 _aRETAIL WAREHOUSING
650 _aWAKEFIELD EUROPORT
690 _aPROPERTY-COMMERCIAL PROPERTY-COMMERCIAL PROPERTY MARKET
942 _n0
948 _c04/03/1997
999 _c5992
_d5992